| 000 | 00744cam a2200193 4500 | ||
|---|---|---|---|
| 001 | ABS62298 | ||
| 008 | 000000n2000 000 0 eng u | ||
| 035 | _a(Sirsi) u106352 | ||
| 100 | _aMorris, R. | ||
| 245 | 4 | _aThe Heritage Strategy Review | |
| 260 | _c2000 | ||
| 490 |
_aConservation Bulletin _v(37) March 2000, 2-5(4) |
||
| 520 | _aAn introduction by an English Heritage Commissioner to the ' first ever comprehensive review' of policy and strategy for England's historic environment, an exercise announced by government in February 2000. | ||
| 590 | _aABS | ||
| 650 | _aHISTORIC ENVIRONMENT | ||
| 650 | _aGOVERNMENT POLICY | ||
| 690 | _aBUILT ENVIRONMENT-BUILDING MAINTENANCE AND REFURBISHMENT-BUILDING CONSERVATION | ||
| 942 | _n0 | ||
| 999 |
_c63701 _d63701 |
||